000 00311nam a22001337a 4500
008 171030b xxu||||| |||| 00| 0 eng d
020 _a0070441278
041 _aeng
080 _25TH
_a336
100 _a56
101 _aFIN
245 _aPUBLIC FINANCE IN THEORY AND PRACTICE
_cMUSGRAVE,R.A
942 _2udc
_cBK
999 _c36327
_d36327